SOFT SKILLS IN MANAGEMENT (Record no. 26581)
[ view plain ]
| 000 -LEADER | |
|---|---|
| fixed length control field | 00315nam a2200121Ia 4500 |
| 008 - FIXED-LENGTH DATA ELEMENTS--GENERAL INFORMATION | |
| fixed length control field | 240624s9999 xx 000 0 und d |
| 041 ## - LANGUAGE CODE | |
| Language code of text/sound track or separate title | eng |
| 082 ## - DEWEY DECIMAL CLASSIFICATION NUMBER | |
| Classification number | 650.14 RAN |
| 100 ## - MAIN ENTRY--PERSONAL NAME | |
| Personal name | RANGNEKAR SHARU |
| 245 ## - TITLE STATEMENT | |
| Title | SOFT SKILLS IN MANAGEMENT |
| 260 ## - PUBLICATION, DISTRIBUTION, ETC. | |
| Date of publication, distribution, etc. | 2011 |
| Place of publication, distribution, etc. | New Delhi |
| Name of publisher, distributor, etc. | Shroff Pub & Dist. Pvt. Ltd |
| 300 ## - PHYSICAL DESCRIPTION | |
| Extent | 150 : p. |
| Withdrawn status | Lost status | Damaged status | Not for loan | Home library | Current library | Shelving location | Date acquired | Total Checkouts | Full call number | Barcode | Date last seen | Date last checked out | Price effective from | Koha item type |
|---|---|---|---|---|---|---|---|---|---|---|---|---|---|---|
| IMTN | IMTN | Rack 18-B | 01/05/2016 | 1 | 650.14 RAN | 26581 | 10/09/2024 | 09/29/2024 | 06/24/2024 | Books |